<?xml version="1.0" encoding="UTF-8"?>
<record
    xmlns:xsi="http://www.w3.org/2001/XMLSchema-instance"
    xsi:schemaLocation="http://www.loc.gov/MARC21/slim http://www.loc.gov/standards/marcxml/schema/MARC21slim.xsd"
    xmlns="http://www.loc.gov/MARC21/slim">

  <leader>00702nam a22001457a 4500</leader>
  <controlfield tag="005">20120521160142.0</controlfield>
  <datafield tag="020" ind1=" " ind2=" ">
    <subfield code="a">9788189989736</subfield>
    <subfield code="c">170.00</subfield>
  </datafield>
  <datafield tag="100" ind1=" " ind2=" ">
    <subfield code="a">&#x924;&#x94D;&#x930;&#x93F;&#x92A;&#x93E;&#x920;&#x940;, &#x915;&#x92E;&#x932;&#x93E; &#x936;&#x902;&#x915;&#x930;</subfield>
    <subfield code="9">47610</subfield>
  </datafield>
  <datafield tag="245" ind1=" " ind2=" ">
    <subfield code="a">&#x92A;&#x94D;&#x930;&#x92F;&#x94B;&#x91C;&#x928;&#x92E;&#x942;&#x932;&#x915; &#x939;&#x93F;&#x928;&#x94D;&#x926;&#x940;/</subfield>
    <subfield code="c">&#x915;&#x92E;&#x932;&#x93E; &#x936;&#x902;&#x915;&#x930; &#x924;&#x94D;&#x930;&#x93F;&#x92A;&#x93E;&#x920;&#x940;</subfield>
  </datafield>
  <datafield tag="260" ind1=" " ind2=" ">
    <subfield code="a">&#x932;&#x916;&#x928;&#x909;</subfield>
    <subfield code="b">&#x909;&#x924;&#x94D;&#x924;&#x930; &#x92A;&#x94D;&#x930;&#x926;&#x947;&#x936; &#x939;&#x93F;&#x928;&#x94D;&#x926;&#x940; &#x938;&#x902;&#x938;&#x94D;&#x925;&#x93E;&#x928;</subfield>
    <subfield code="c">2011</subfield>
  </datafield>
  <datafield tag="300" ind1=" " ind2=" ">
    <subfield code="a">379 &#x92A;&#x943;.</subfield>
    <subfield code="c">22 &#x938;&#x947;&#x902;.&#x92E;&#x940;. (&#x905;&#x91C;&#x93F;&#x932;&#x94D;&#x926;)</subfield>
  </datafield>
  <datafield tag="942" ind1=" " ind2=" ">
    <subfield code="2">ddc</subfield>
    <subfield code="c">HN</subfield>
    <subfield code="m">&#x924;&#x94D;&#x930;&#x93F;&#x92A;&#x93E;&#x920;&#x940;</subfield>
  </datafield>
  <datafield tag="999" ind1=" " ind2=" ">
    <subfield code="c">66977</subfield>
    <subfield code="d">66977</subfield>
  </datafield>
  <datafield tag="952" ind1=" " ind2=" ">
    <subfield code="0">0</subfield>
    <subfield code="1">0</subfield>
    <subfield code="4">0</subfield>
    <subfield code="7">0</subfield>
    <subfield code="a">AG</subfield>
    <subfield code="b">AG</subfield>
    <subfield code="d">2012-05-21</subfield>
    <subfield code="g">170.00</subfield>
    <subfield code="l">0</subfield>
    <subfield code="o">&#x924;&#x94D;&#x930;&#x93F;&#x92A;&#x93E;&#x920;&#x940;</subfield>
    <subfield code="r">2012-05-21 00:00:00</subfield>
    <subfield code="v">170.00</subfield>
    <subfield code="w">2012-05-21</subfield>
    <subfield code="y">HN</subfield>
  </datafield>
</record>
